Bienvenue au Catalogue en Ligne des Bibliothèques de l'Universite du Burundi

Evaluation de la pratique de la pédagogie de l' intégration par les enseignants des Sciences bioloques (Record no. 54069)

000 -GUIDE
Champ de contrôle de longueur fixe 01101nam a22002417a 4500
003 - IDENTITÉ DU NUMÉRO DE CONTRÔLE
Champ de contrôle BI-BuBU
008 - ÉLÉMENTS DE LONGUEUR FIXE - RENSEIGNEMENTS GÉNÉRAUX
Champ de contrôle de longueur fixe 260623b2025 bd fr|||| 000 0 fre d
037 ## - SOURCE D'ACQUISITION
Source d'acquisition et du numéro d'inventaire don
039 ## - NIVEAU DE CONTRÔLE BIBLIOGRAPHIQUE ET HISTORIQUE D'ENCODAGE [OBSOLETE]
Date creation 20260623110114.0
Nom catalographe Joella Nshimirimana
040 ## - SOURCE DU CATALOGAGE
Organisme qui a effectué le catalogage original BI-BuBU
Code de la langue utilisée dans le catalogage fre
Organisme qui a effectué la transcription BI-BuBU
Organisme qui a effectué la modification BI-BuBU
041 0# - CODE DE LANGUE
Code de langue du texte/de la piste sonore ou du titre distinct fre
080 ## - INDICE DE LA CLASSIFICATION DÉCIMALE UNIVERSELLE (CDU)
Indice de la Classification décimale universelle 372.857
100 1# - VEDETTE PRINCIPALE - NOM DE PERSONNE
Code de relation Aut.
Nom de personne Sabokwikugura,Diomède
245 10 - MENTION DU TITRE
Titre Evaluation de la pratique de la pédagogie de l' intégration par les enseignants des Sciences bioloques
Reste du titre cas de la 3e année PF BCST dans la DPE Bujumbura Mairie et Gitega (centre urbain )
Mention de responsabilité, etc. Diomède Sabokwikugura ;charles Niyonkuru ,directeur
260 ## - PUBLICATION, DIFFUSION, ETC. (ADRESSE BIBLIOGRAPHIQUE)
Lieu de publication, diffusion, etc. Bujumbura
Nom de l'éditeur, diffuseur, etc. Université du Burundi,Ecole Normale Superieur
Date of publication, distribution, etc 2025
300 ## - DESCRIPTION MATÉRIELLE
Collation XI-73 f.
Dimensions 30 cm.
502 ## - NOTE DE THÈSE OU MÉMOIRE
Note de thèse Mémoire présenté et soutenu publiquement en vue de l'obtention du diplôme de master en didactique des sciences biologiques
650 #7 - VEDETTE-MATIÈRE - NOM COMMUN
Source du terme BI-BuBU
Vedette de sujet ou vedette comportant un nom géographique Enseignement
Subdivision générale Science biologique
-- Elaboration
-- Situation d'intégration
655 #7 - TERME D'INDEXATION - GENRE OU FORME
Source du terme BI-BuBU
Données ou terme dominant sur le genre ou la forme book
700 1# - VEDETTE SECONDAIRE - NOM DE PERSONNE
Code de relation dir.
Nom d'auteur Niyonkuru ,charles
710 1# - VEDETTE SECONDAIRE - NOM DE COLLECTIVITÉ
Code de relation aut.
Nom de la collectivité ou nom de lieu comme élément de classement Ecole Normale Superieur
942 ## - ÉLÉMENTS D'ENTRÉE ADDITIONNELLE (KOHA)
Source de la classification ou du système de rangement
Type d item koha Memoire
Holdings
Statut de retrait Statut de perte Source de la classification ou du système de rangement Statut de déterioration Exclu du prêt Numéro d item Koha Localisation permanente Localisation actuelle Date d'acquisition Source d'acquisition Nombre de prêts Cote Code-barres Date last seen Prix en vigueur à partir du Type d item koha
          85934 Bibliothèque Centrale Bibliothèque Centrale 23/06/2026 don de l'auteur   372.857 SAB. 5010000673161 23/06/2026 23/06/2026 Memoire
© 2019-2026 - Bibliothèques de l'Université du Burundi |Tous droits réservés
home | Pour toute information urgente Contactez nous | tel whatsupp: +25779204313